Statystyki dla 15 krajów o największej liczbie zgonów Covid19 - 19 czerwca

Kliknij tutaj aby rozwiązać quiz!

Ogólne statystyki

  • Ten quiz został rozwiązany 27 razy
  • Średni wynik to 11 z 20

Statystyki odpowiedzi

kraj% Poprawnych
Rosja
96%
Stany Zjednoczone
92%
Francja
88%
Hiszpania
83%
Włochy
79%
Brazylia
71%
Kanada
71%
Niemcy
71%
Indie
67%
Meksyk
67%
Wielka Brytania
67%
Szwecja
54%
Chile
38%
Holandia
38%
Belgia
33%
Iran
25%
Irlandia
25%
Szwajcaria
25%
Peru
21%
Ekwador
8%

Rozkład punktacji

Percentyl według liczby udzielonych odpowiedzi

Procent ludzi z każdym wynikiem

Twoja historia wyników

Nie rozwiązałeś tego quizu